<?xml version="1.0" encoding="UTF-8"?>
<record
    xmlns:xsi="http://www.w3.org/2001/XMLSchema-instance"
    xsi:schemaLocation="http://www.loc.gov/MARC21/slim http://www.loc.gov/standards/marcxml/schema/MARC21slim.xsd"
    xmlns="http://www.loc.gov/MARC21/slim">

  <leader>01981nam a22002537a 4500</leader>
  <datafield tag="999" ind1=" " ind2=" ">
    <subfield code="c">63717</subfield>
    <subfield code="d">63717</subfield>
  </datafield>
  <controlfield tag="003">Ge_BSU</controlfield>
  <controlfield tag="005">20251212212029.0</controlfield>
  <controlfield tag="008">251212s2022    ge ||||| |||| 00| 0 geo d</controlfield>
  <datafield tag="020" ind1=" " ind2=" ">
    <subfield code="a">9789941980398</subfield>
  </datafield>
  <datafield tag="041" ind1=" " ind2=" ">
    <subfield code="a">geo</subfield>
  </datafield>
  <datafield tag="080" ind1=" " ind2=" ">
    <subfield code="a">39(=353.1) : 39(479.22)(092) &#x10E5;-27</subfield>
  </datafield>
  <datafield tag="245" ind1=" " ind2=" ">
    <subfield code="a">&#x10DB;&#x10E6;&#x10D5;&#x10D3;&#x10D4;&#x10DA;&#x10D8; &#x10DE;&#x10DD;&#x10DA;&#x10D8;&#x10D4;&#x10D5;&#x10E5;&#x10E2;&#x10DD;&#x10E1; &#x10D9;&#x10D0;&#x10E0;&#x10D1;&#x10D4;&#x10DA;&#x10D0;&#x10E8;&#x10D5;&#x10D8;&#x10DA;&#x10D8; / </subfield>
    <subfield code="c">&#x10E1;&#x10D0;&#x10E5;&#x10D0;&#x10E0;&#x10D7;&#x10D5;&#x10D4;&#x10DA;&#x10DD;&#x10E1; &#x10DE;&#x10D0;&#x10E0;&#x10DA;&#x10D0;&#x10DB;&#x10D4;&#x10DC;&#x10E2;&#x10D8;&#x10E1; &#x10D4;&#x10E0;&#x10DD;&#x10D5;&#x10DC;&#x10E3;&#x10DA;&#x10D8; &#x10D1;&#x10D8;&#x10D1;&#x10DA;&#x10D8;&#x10DD;&#x10D7;&#x10D4;&#x10D9;&#x10D0;; &#x10E0;&#x10D4;&#x10D3;&#x10D0;&#x10E5;&#x10E2;&#x10DD;&#x10E0;&#x10D4;&#x10D1;&#x10D8;: &#x10E0;&#x10DD;&#x10D6;&#x10D4;&#x10E2;&#x10D0; &#x10D2;&#x10E3;&#x10EF;&#x10D4;&#x10EF;&#x10D8;&#x10D0;&#x10DC;&#x10D8;, &#x10DB;&#x10D8;&#x10E0;&#x10D8;&#x10D0;&#x10DC; &#x10EE;&#x10DD;&#x10E1;&#x10D8;&#x10E2;&#x10D0;&#x10E8;&#x10D5;&#x10D8;&#x10DA;&#x10D8;; &#x10E1;&#x10D0;&#x10E0;&#x10D4;&#x10D3;&#x10D0;&#x10E5;&#x10EA;&#x10D8;&#x10DD; &#x10D9;&#x10DD;&#x10DA;&#x10D4;&#x10D2;&#x10D8;&#x10D0;: &#x10DC;&#x10D8;&#x10DC;&#x10DD; &#x10DB;&#x10D8;&#x10DC;&#x10D3;&#x10D0;&#x10EB;&#x10D4;, &#x10D3;&#x10D0;&#x10E0;&#x10D8;&#x10D9;&#x10DD; &#x10DF;&#x10DD;&#x10E0;&#x10DF;&#x10DD;&#x10DA;&#x10D8;&#x10D0;&#x10DC;&#x10D8;, &#x10DA;&#x10E3;&#x10D0;&#x10E0;&#x10E1;&#x10D0;&#x10D1; &#x10E2;&#x10DD;&#x10D2;&#x10DD;&#x10DC;&#x10D8;&#x10EB;&#x10D4;, &#x10D8;&#x10D0; &#x10D7;&#x10D0;&#x10D1;&#x10D0;&#x10D2;&#x10D0;&#x10E0;&#x10D8;, &#x10E5;&#x10D4;&#x10D7;&#x10D4;&#x10D5;&#x10D0;&#x10DC; &#x10EE;&#x10E3;&#x10EA;&#x10D8;&#x10E8;&#x10D5;&#x10D8;&#x10DA;&#x10D8;.</subfield>
  </datafield>
  <datafield tag="264" ind1=" " ind2=" ">
    <subfield code="a">&#x10D7;&#x10D1;&#x10D8;&#x10DA;&#x10D8;&#x10E1;&#x10D8; : </subfield>
    <subfield code="b">&#x10E1;&#x10D0;&#x10E5;&#x10D0;&#x10E0;&#x10D7;&#x10D5;&#x10D4;&#x10DA;&#x10DD;&#x10E1; &#x10DE;&#x10D0;&#x10E0;&#x10DA;&#x10D0;&#x10DB;&#x10D4;&#x10DC;&#x10E2;&#x10D8;&#x10E1; &#x10D4;&#x10E0;&#x10DD;&#x10D5;&#x10DC;&#x10E3;&#x10DA;&#x10D8; &#x10D1;&#x10D8;&#x10D1;&#x10DA;&#x10D8;&#x10DD;&#x10D7;&#x10D4;&#x10D9;&#x10D0;, </subfield>
    <subfield code="c">2022.</subfield>
  </datafield>
  <datafield tag="300" ind1=" " ind2=" ">
    <subfield code="a">148 &#x10D2;&#x10D5;. : </subfield>
    <subfield code="b">&#x10E4;&#x10DD;&#x10E2;. ;</subfield>
    <subfield code="c"> 21 &#x10E1;&#x10DB;.</subfield>
  </datafield>
  <datafield tag="490" ind1=" " ind2=" ">
    <subfield code="a">&#x10E5;&#x10D0;&#x10E0;&#x10D7;&#x10E3;&#x10DA;&#x10D8; &#x10D4;&#x10D7;&#x10DC;&#x10DD;&#x10D2;&#x10E0;&#x10D0;&#x10E4;&#x10D8;&#x10E3;&#x10DA;&#x10D8; &#x10DB;&#x10D4;&#x10DB;&#x10D9;&#x10D5;&#x10D8;&#x10D3;&#x10E0;&#x10D4;&#x10DD;&#x10D1;&#x10D0; ;</subfield>
    <subfield code="v"> V</subfield>
  </datafield>
  <datafield tag="504" ind1=" " ind2=" ">
    <subfield code="a">&#x10D1;&#x10D8;&#x10D1;&#x10DA;&#x10D8;&#x10DD;&#x10D2;&#x10E0;&#x10D0;&#x10E4;&#x10D8;&#x10D0; &#x10E2;&#x10D4;&#x10E5;&#x10E1;&#x10E2;&#x10D8;&#x10E1; &#x10E8;&#x10D4;&#x10DC;&#x10D8;&#x10E8;&#x10D5;&#x10DC;&#x10D4;&#x10D1;&#x10E8;&#x10D8;.</subfield>
  </datafield>
  <datafield tag="653" ind1=" " ind2=" ">
    <subfield code="a">&#x10D9;&#x10D0;&#x10E0;&#x10D1;&#x10D4;&#x10DA;&#x10D0;&#x10E8;&#x10D5;&#x10D8;&#x10DA;&#x10D8;, &#x10DE;&#x10DD;&#x10DA;&#x10D8;&#x10D4;&#x10D5;&#x10E5;&#x10E2;&#x10DD;&#x10E1;, 1855-1936.</subfield>
  </datafield>
  <datafield tag="653" ind1=" " ind2=" ">
    <subfield code="a">&#x10E5;&#x10D0;&#x10E0;&#x10D7;&#x10E3;&#x10DA;&#x10D8; &#x10D4;&#x10D7;&#x10DC;&#x10DD;&#x10D2;&#x10E0;&#x10D0;&#x10E4;&#x10D8;&#x10D0;</subfield>
  </datafield>
  <datafield tag="653" ind1=" " ind2=" ">
    <subfield code="a">&#x10E5;&#x10D0;&#x10E0;&#x10D7;&#x10D5;&#x10D4;&#x10DA;&#x10D8; &#x10D4;&#x10D7;&#x10DC;&#x10DD;&#x10D2;&#x10E0;&#x10D0;&#x10E4;&#x10D4;&#x10D1;&#x10D8;</subfield>
  </datafield>
  <datafield tag="700" ind1=" " ind2=" ">
    <subfield code="a">&#x10D2;&#x10E3;&#x10EF;&#x10D4;&#x10EF;&#x10D8;&#x10D0;&#x10DC;&#x10D8;, &#x10E0;&#x10DD;&#x10D6;&#x10D4;&#x10E2;&#x10D0;</subfield>
    <subfield code="e"> &#x10E0;&#x10D4;&#x10D3;&#x10D0;&#x10E5;&#x10E2;&#x10DD;&#x10E0;&#x10D8;</subfield>
    <subfield code="9">5617</subfield>
  </datafield>
  <datafield tag="700" ind1=" " ind2=" ">
    <subfield code="a">&#x10EE;&#x10DD;&#x10E1;&#x10D8;&#x10E2;&#x10D0;&#x10E8;&#x10D5;&#x10D8;&#x10DA;&#x10D8;, &#x10DB;&#x10D8;&#x10E0;&#x10D8;&#x10D0;&#x10DC;</subfield>
    <subfield code="e">&#x10E0;&#x10D4;&#x10D3;&#x10D0;&#x10E5;&#x10E2;&#x10DD;&#x10E0;&#x10D8;</subfield>
    <subfield code="9">26504</subfield>
  </datafield>
  <datafield tag="856" ind1=" " ind2=" ">
    <subfield code="u">https://dspace.nplg.gov.ge/bitstream/1234/420287/1/Mghvdeli_Polievqtos_Karbelashvili.pdf</subfield>
    <subfield code="y">&#x10D4;&#x10DA;. &#x10D5;&#x10D4;&#x10E0;&#x10E1;&#x10D8;&#x10D0;</subfield>
  </datafield>
  <datafield tag="942" ind1=" " ind2=" ">
    <subfield code="2">udc</subfield>
    <subfield code="c">&#x1CAC;&#x1C98;&#x1C92;&#x1C9C;&#x1C98;</subfield>
  </datafield>
  <datafield tag="952" ind1=" " ind2=" ">
    <subfield code="0">0</subfield>
    <subfield code="1">0</subfield>
    <subfield code="2">udc</subfield>
    <subfield code="4">0</subfield>
    <subfield code="6">393531__3947922092_&#x10DB;96</subfield>
    <subfield code="7">0</subfield>
    <subfield code="9">104970</subfield>
    <subfield code="a">CPL</subfield>
    <subfield code="b">CPL</subfield>
    <subfield code="c">GEN</subfield>
    <subfield code="d">2025-12-12</subfield>
    <subfield code="g">10.00</subfield>
    <subfield code="o">39(=353.1) : 39(479.22)(092) &#x10DB;-96</subfield>
    <subfield code="p">73277</subfield>
    <subfield code="r">2025-12-12</subfield>
    <subfield code="t">73277</subfield>
    <subfield code="u">&#x10E1;&#x10D0;&#x10E9;&#x10E3;&#x10E5;&#x10D0;&#x10E0;&#x10D8; &#x10E1;&#x10D0;&#x10E5;&#x10D0;&#x10E0;&#x10D7;&#x10D5;&#x10D4;&#x10DA;&#x10DD;&#x10E1; &#x10D4;&#x10E0;&#x10DD;&#x10D5;&#x10DC;&#x10E3;&#x10DA;&#x10D8; &#x10D1;&#x10D8;&#x10D1;&#x10DA;&#x10D8;&#x10DD;&#x10D7;&#x10D4;&#x10D9;&#x10D8;&#x10E1;&#x10D0;&#x10D2;&#x10D0;&#x10DC;	</subfield>
    <subfield code="w">2025-12-12</subfield>
    <subfield code="y">&#x1CAC;&#x1C98;&#x1C92;&#x1C9C;&#x1C98;</subfield>
    <subfield code="z">10 &#x10DA;.</subfield>
  </datafield>
</record>
